000 00542nam a2200229 a 4500
001 nice12345678
003 IN_TiNIC
005 20260116013209.0
008 050524s1992 n.ya grp 000 0 eng
020 _a1557787
_c1124.55
082 0 0 _a200
_bSMI1
100 _aSmith, Huston
245 _aEssays on World Religion
260 _aN.York
_bParagon House
_c1992
300 _a290p
500 _aincludes index and biblioraphy
505 2 _aIndex
650 _aReligion
902 _bSRS
942 _cBK
999 _c10080
_d10080